OTRO LUGAR PARA ROSENDO (Registro nro. 55983)
[ vista simple ]
| 000 -LEADER | |
|---|---|
| fixed length control field | 01110nam a2200205 a 4500 |
| 001 - CONTROL NUMBER | |
| control field | 55983 |
| 005 - DATE AND TIME OF LATEST TRANSACTION | |
| control field | 20180714051527.0 |
| 008 - FIXED-LENGTH DATA ELEMENTS--GENERAL INFORMATION | |
| fixed length control field | 140415s2008 mx 000 0 spa d |
| 041 ## - LANGUAGE CODE | |
| Language code of text/sound track or separate title | spa |
| 082 ## - DEWEY DECIMAL CLASSIFICATION NUMBER | |
| Classification number | 808.831 |
| Item number | IBA |
| 100 1# - MAIN ENTRY--PERSONAL NAME | |
| Personal name | IBARRA MAZARI, JOSE LUIS |
| 245 10 - TITLE STATEMENT | |
| Title | OTRO LUGAR PARA ROSENDO |
| 250 ## - EDITION STATEMENT | |
| Edition statement | 2a ed. |
| 260 ## - PUBLICATION, DISTRIBUTION, ETC. | |
| Place of publication, distribution, etc. | MEXICO : |
| Name of publisher, distributor, etc. | INSTITUTO MUNICIPAL DE ARTE Y CULTURA DE PUEBLA, |
| Date of publication, distribution, etc. | 2008, 2001 |
| 300 ## - PHYSICAL DESCRIPTION | |
| Extent | 127 |
| Dimensions | 13.9 x 0.6 x 20.9 |
| 490 ## - SERIES STATEMENT | |
| Series statement | COL.PUEBLA |
| 500 ## - GENERAL NOTE | |
| General note | COLECCIÓN PUEBLA |
| 520 ## - SUMMARY, ETC. | |
| Summary, etc. | LOCUTOR DE RADIO, CRONISTA DE CASI TODO, AMIGO Y COMPAÑERO DE LOS SECTORES MAS VARIADOS DE PUEBLA, JOSE LUIS IBARRA MAZARI ESCRIBIO Y HABLO SIEMPRE CON IRONIA Y BUEN HUMOR. EN SU COLUMNA BALCON, QUE SE TRANSMITIA DIARIAMENTE, DELEITABA A PROPIOS Y EXTRAÑOS CON SUS RELATOS SOBRE EPOCAS PASADAS, MEJORES O PEORES, COLORIDAS, ENTRAÑABLES, UNA FACETA INEVITABLE DE JOSE LUIS FUE ESTA QUE OTRO LUGAR PARA ROSENDO TRAE A SUS LECTORES Y AL PUBLICO QUE LO RECUERDA CON CARIÑO Y NOSTALGIA: LA DE CU |
| 650 14 - SUBJECT ADDED ENTRY--TOPICAL TERM | |
| Topical term or geographic name entry element | CUENTOS |
| General subdivision | LITERATURA MEXICANA |
| -- | LITERATURA MEXICANA |
| -- | PUEBLA (ESTADO) |
| Withdrawn status | Lost status | Source of classification or shelving scheme | Damaged status | Not for loan | Collection code | Home library | Current library | Shelving location | Date acquired | Source of acquisition | Inventory number | Total Checkouts | Full call number | Barcode | Price effective from | Koha item type |
|---|---|---|---|---|---|---|---|---|---|---|---|---|---|---|---|---|
| Dewey Decimal Classification | Consulta en sala | Puebla | Biblioteca Karol Wojtyla | Biblioteca Karol Wojtyla | Área de silencio | 03/12/2013 | Compra | 151000000000000000072857 | 808.831 IBA | 84145 | 03/12/2013 | Libro |